Statistics for Real or fake words #1

Click here to take the quiz!

General Stats

  • This quiz has been taken 25 times
  • The average score is 17 of 25

Answer Stats

QuestionAnswer% Correct
entrancereal
100%
onomatopoeiareal
96%
redundancyreal
96%
employreal
91%
absorptionreal
87%
winfirnfake
83%
composereal
83%
peartzlefake
78%
exastesfake
78%
laborerreal
78%
voguereal
78%
ekclefake
70%
ircificannofake
65%
maschavisonfake
65%
jerenfake
65%
deaconedreal
65%
obseumfake
61%
attentreal
61%
zapsterfake
57%
gleekreal
57%
expeditelyreal
52%
phantomshipfake
48%
Irregardlessfake
39%
saltatorialreal
35%
firstlyfake
9%

Score Distribution

Percentile by Number Answered

Percent of People with Each Score

Your Score History

You have not taken this quiz